[Event "COL-ch Superate Intercol U14"]
[Site "Barranquilla"]
[Date "2018.11.21"]
[Round "7.8"]
[White "Macias Mendoza, Kelian"]
[Black "Garzon Ladino, Juan Alexander"]
[Result "0-1"]
[WhiteElo "1600"]
[BlackElo "1487"]
[PlyCount "74"]
[EventDate "2018.11.19"]
[EventType "swiss"]
[EventRounds "7"]
[EventCountry "COL"]
[SourceTitle "EXT 2024"]
[Source "ChessBase"]
[SourceDate "2023.10.10"]
[SourceVersion "1"]
[SourceVersionDate "2023.10.10"]
[SourceQuality "1"]

1. e4 e5 2. Nf3 Nc6 3. Bb5 Nf6 4. Bxc6 bxc6 5. 0-0 d6 6. Nc3 Bg4 7. h3 Bh5 8. d3 h6 9. Qd2 Bxf3 10. gxf3 Qd7 11. Kg2 Nh5 12. Ne2 g5 13. d4 f6 14. b3 Nf4+ 15. Nxf4 gxf4 16. Bb2 c5 17. dxc5 dxc5 18. Qxd7+ Kxd7 19. Rad1+ Kc6 20. Kh1 Rg8 21. Rg1 Bd6 22. Rg2 Rg5 23. h4 Rxg2 24. Kxg2 Rg8+ 25. Kh2 Be7 26. Kh3 h5 27. Rd3 Rd8 28. Rc3 a5 29. Ba3 Kb5 30. Bb2 Rd4 31. a3 c4 32. bxc4+ Rxc4 33. Kh2 Rxc3 34. Bxc3 Bxa3 35. Kg1 Bb4 36. Bxb4 Kxb4 37. Kf1 Kc3 0-1

[Event "COL-ch Superate Intercol U14"]
[Site "Barranquilla"]
[Date "2018.11.20"]
[Round "3.11"]
[White "Macias Mendoza, Kelian"]
[Black "Varona Ramirez, Juan Fernando"]
[Result "1-0"]
[WhiteElo "1600"]
[BlackElo "1500"]
[PlyCount "65"]
[EventDate "2018.11.19"]
[EventType "swiss"]
[EventRounds "7"]
[EventCountry "COL"]
[SourceTitle "EXT 2024"]
[Source "ChessBase"]
[SourceDate "2023.10.10"]
[SourceVersion "1"]
[SourceVersionDate "2023.10.10"]
[SourceQuality "1"]

1. e4 e5 2. Nf3 Nc6 3. Bb5 Nf6 4. Bxc6 bxc6 5. 0-0 Be7 6. Nc3 d6 7. d4 Bg4 8. dxe5 dxe5 9. Qe2 0-0 10. Rd1 Bd6 11. h3 Bh5 12. Qe3 Qe7 13. Ne2 Rad8 14. Ng3 Bc5 15. Qe2 Bxf3 16. Qxf3 Rd6 17. Nf5 Rxd1+ 18. Qxd1 Qe6 19. Qf3 Qc4 20. Bh6 Qxe4 21. Qg3 Nh5 22. Qg5 g6 23. Bxf8 Qxf5 24. Qxf5 gxf5 25. Bxc5 a6 26. Rd1 Kg7 27. Rd7 Nf4 28. Rxc7 Ne6 29. Rxc6 h5 30. b4 Nxc5 31. Rxc5 Kf6 32. Rc6+ Kg5 33. Rxa6 1-0